Statistics for Zoo Tycoon 2 Extinct Animals Expansion Animals

Click here to take the quiz!

General Stats

  • This quiz has been taken 9 times
  • The average score is 22 of 36

Answer Stats

BiomeAnswer% Correct
Boreal ForestSaber-toothed Cat
100%
Tropical RainforestTyrannosaurus rex
100%
Tropical RainforestDodo
83%
Boreal ForestStegosaurus
83%
Boreal ForestTriceratops
83%
DesertVelociraptor
83%
Boreal ForestAmerican Mastodon
67%
WetlandsAnkylosaurus
67%
WetlandsDimetrodon
67%
GrasslandGiant Camel
67%
ScrubGiant Ground Sloth
67%
SavannahGiant Warthog
67%
TundraShort-faced Bear
67%
Tropical RainforestStyracosaurus
67%
Temperate ForestThylacine
67%
Temperate ForestAurochs
50%
GrasslandBluebuck
50%
Temperate ForestBush-antlered Deer
50%
Boreal ForestCarnotaurus
50%
AlpineCave Lion
50%
Tropical RainforestDeinonychus
50%
Tropical RainforestDeinosuchus
50%
WetlandsDiprotodon
50%
ScrubDoedicurus
50%
GrasslandDwarf Sicilian Elephant
50%
WetlandsElephant Bird
50%
Tropical RainforestGigantopithecus
50%
WetlandsKentrosaurus
50%
TundraKiller Penguin
50%
WetlandsProtarchaeopteryx
50%
SavannahQuagga
50%
SavannahSivatherium
50%
Boreal ForestStokesosaurus
50%
Boreal ForestUtahraptor
50%
GrasslandWarrah
50%
TundraWoolly Rhinoceros
50%

Score Distribution

Percentile by Number Answered

Percent of People with Each Score

Your Score History

You have not taken this quiz